[Zápisník]

Zošit sporadických zápisov člena jezuitského rádu na Slovensku, z neuvedeného domu. Duchovné cvičenia, obnovenia sľubov, tríduá

Bibliographic Details
Format: Manuscript Book
Language:Slovak
PhysicalDescription:47 nečíslovaných strán rukopis, viazaný 20 cm
Published: [Dokument vznikol na Slovensku] 1940-1949
Subjects:

MARC

LEADER 00000ctmaa2200000 a 4500
001 vtls011736635
003 SK-MaSNL
005 20260302090638.0
008 230802i1940 xo || 000 1dslo
035 |a urn:nbn:sk:snk-tm00elph 
035 |a urn:nbn:sk:snk-tm3n3ps 
035 |a 92FF3883-10FA-4E11-A13A-219F7679A1EE 
040 |a SNKLA  |b slo  |c SNKLA  |e AACR2 
041 0 |a slo 
044 |a xo  |c SK 
072 7 |a 27-78  |x Kresťanské združenia, spolky a organizácie. Rehoľné rády  |2 konspekt 
080 |a 82-94  |2 2011 
080 |a 025.171  |2 2011 
245 0 0 |a [Zápisník] 
260 |a [Dokument vznikol na Slovensku]  |c 1940-1949 
300 |a 47 nečíslovaných strán  |b rukopis, viazaný  |c 20 cm 
520 2 |a Zošit sporadických zápisov člena jezuitského rádu na Slovensku, z neuvedeného domu. Duchovné cvičenia, obnovenia sľubov, tríduá 
555 0 |a Inventár rukopisov Archívu literatúry a umenia Matice slovenskej. Rukopisy historických knižníc na Slovensku II. Martin: Matica slovenská 1995 
610 2 7 |a Jezuiti (Bratislava, Slovensko)  |2 SNKLA  |9 170782 
655 7 |a denníky  |2 SNKPH  |9 70534 
655 7 |a rukopisy  |2 SNKPH  |9 70548 
852 |a Slovenská národná knižnica  |b Literárny archív 
852 |a Slovenská národná knižnica  |b Literárny archív 
958 |a ZH 
958 |a BLA 
999 |c 1197550  |d 1199480 
952 |a SNKLA  |b SNKLA  |c SNKLA_DEP  |y NEVYP  |7 0  |p 17A1227907  |o snkRHKS 1382  |0 0  |1 0  |4 0  |d 2018-01-16  |f 1  |l 0  |r 2026-02-24 22:31:31  |w 2026-02-24